[Event "11th Asrian Memorial 2018"]
[Site "Jermuk"]
[Date "2018.06.27"]
[Round "7"]
[White "Martirosyan, Haik M"]
[Black "Hakobyan, Aram"]
[Result "1/2-1/2"]
[WhiteElo "2572"]
[BlackElo "2542"]
[Annotator "TA"]
[PlyCount "43"]
[EventDate "2018.06.21"]
[EventCountry "ARM"]
[SourceTitle "playchess.com"]
[Source "ChessBase"]
[SourceQuality "1"]

{[%evp 21,43,14,40,41,25,20,25,0,0,0,-2,-55,-58,-67,-24,0,37,12,18,19,19,23,37,0]} 1. d4 Nf6 2. c4 g6 3. f3 d5 4. cxd5 Nxd5 5. e4 Nb6 6. Nc3 Bg7 7. Be3 O-O 8. Qd2 e5 9. d5 c6 {D70: Grünfeldindisch (Abweichung im 3. Zug)} 10. h4 (10. Rd1 cxd5 11. exd5 N8d7 12. Nh3 e4 13. fxe4 Ne5 14. Nf2 f5 15. Bc5 Rf7 16. Be2 f4 17. Bf3 {½-½ (25) Aronian,L (2805)-Vachier Lagrave,M (2789) London 2017}) 10... cxd5 11. exd5 Na6 {[%cal Bb8a6,Ba6b4,Bb4c2][%mdl 32] LiveBook: 3 Partien. Die Stellung ist ausgeglichen.} 12. h5 Nb4 {[%cal Rb4d5]} 13. hxg6 {[#] zielt auf Lc5 ab.} Bf5 $1 {Und weiter mit ...Sc2+ wäre nett.} 14. gxf7+ Rxf7 {[#] Und ...Sc2+ würde nun gewinnen.} 15. Rd1 $146 ({Vorgänger:} 15. Rc1 Rc8 16. Bxb6 Qxb6 17. a3 {1-0 (47) Goganov,A (2563)-Paravyan,D (2603) Taganrog 2018}) 15... Rc8 16. a3 ({Lieber} 16. Kf2 $11) 16... Nc2+ $15 17. Kf2 Nd4 18. Bd3 Nxd5 19. Bxd4 exd4 20. Nxd5 Qxd5 21. Ne2 Qe5 22. Ng3 1/2-1/2

[Event "11th Asrian Memorial 2018"]
[Site "Jermuk"]
[Date "2018.06.27"]
[Round "7"]
[White "Ter-Sahakyan, Samvel"]
[Black "Stupak, Kirill"]
[Result "1/2-1/2"]
[WhiteElo "2546"]
[BlackElo "2564"]
[Annotator "TA RC"]
[PlyCount "159"]
[EventDate "2018.06.21"]
[EventCountry "ARM"]
[SourceTitle "playchess.com"]
[Source "ChessBase"]
[SourceQuality "1"]

{[%evp 25,159,49,47,21,27,27,27,14,45,15,61,38,42,39,53,16,47,45,45,45,59,53,73,53,53,53,53,53,55,54,55,62,62,63,79,71,88,51,51,10,10,10,10,0,0,0,0,0,0,0,0,0,-10,-24,0,-18,-18,-33,-9,-12,-16,-14,-6,-6,-7,-11,0,0,0,0,0,0,18,18,22,17,25,14,0,0,0,0,24,25,91,84,102,72,50,42,67,25,72,72,72,72,249,241,356,362,365,364,360,352,322,297,339,338,342,320,268,212,245,204,170,155,252,108,236,125,129,129,159,162,174,160,164,160,164,91,115,100,98,0,38,0]} 1. e4 e6 2. d4 d5 3. Nc3 Bb4 4. e5 c5 5. a3 Bxc3+ 6. bxc3 Qa5 7. Bd2 Qa4 8. Qg4 g6 9. Nf3 {C18: French: 3 Nc3 Bb4: Main line: 7 h4 and 7 Qg4} (9. Bd3 Nc6 10. Nf3 c4 11. Be2 Bd7 12. Qf4 h6 13. Ra2 Rh7 14. Qh4 Nge7 15. Ng5 Rh8 16. Bg4 Qa5 {1-0 (48) Najer,E (2667)-Stupak,K (2556) Sochi 2018}) 9... c4 10. Qf4 h6 11. Be2 Nc6 12. Ra2 Bd7 13. h4 Rh7 {LiveBook: 15 Games} 14. Nh2 O-O-O 15. Ng4 h5 $146 ({Predecessor:} 15... Rf8 16. O-O Qa5 17. Rb1 Qd8 18. Qg3 {0-1 (86) Katz,A (2335)-Wang,T (2199) chess.com INT 2017}) 16. Nh2 {[%cal Bg4h2,Bh2f3,Bf3g5][%mdl 32]} Rf8 17. Nf3 Rh8 18. Ng5 Nh6 19. O-O Nf5 20. Re1 Kb8 21. Bf1 Ka8 22. g3 Nce7 23. Bh3 b6 24. Qf3 Qa5 25. Qd1 Ba4 26. Nf3 Kb7 27. Bg5 Rc8 ({Don't go for} 27... Qxc3 $2 28. Bd2 $18) 28. Qd2 Qb5 29. Bf6 Rhf8 30. Ng5 Rc7 31. Kh2 Ng8 32. Nh7 (32. Bxf5 $5 exf5 33. Bg7 $14) 32... Nxf6 33. Nxf6 Ne7 34. Nh7 Rh8 35. Ng5 Ng8 36. Qc1 Nh6 37. Qb2 Qxb2 (37... Qe8 {feels hotter.} 38. Qc1 Rc8 39. Ra1 Nf5 40. Rb1 Rb8) 38. Rxb2 Kc8 {[%cal Bb7c8,Bc8d8,Bd8e7,Be7f8][%mdl 32]} 39. f3 Ng8 40. Kg2 Kd8 41. Kf2 Ke7 42. Ke3 Rb7 43. Kd2 Bd7 44. Ra1 Nh6 45. Rbb1 Kf8 46. g4 Ng8 47. Rh1 Ne7 48. Rag1 Rb8 49. gxh5 $1 gxh5 50. f4 b5 51. Nf3 Rb6 52. Rg5 Ra6 53. Ra1 Ra4 54. Kc1 Ng6 (54... Rh6 $11 {keeps the balance.}) 55. f5 $16 Nf4 56. fxe6 fxe6 57. Bf1 Rg8 58. Kb2 a5 59. Rxg8+ Kxg8 60. Ng5 Kf8 $2 {[#]} (60... b4 $16 {keeps fighting.}) 61. Bxc4 $1 $18 {[%mdl 512]} b4 (61... Rxc4 {was worth a try.} 62. Rf1 Ke8) 62. Bb3 bxc3+ 63. Kxc3 Ne2+ 64. Kd2 Rxd4+ 65. Kxe2 a4 66. Ba2 Rxh4 67. Rf1+ Ke7 68. Rf7+ Ke8 69. Rf6 Ke7 70. Kd2 Rh1 (70... Rg4 $16 {might work better.}) 71. Kc3 (71. Rf7+ $18 {is the precise move to win.} Ke8 72. Rh7) 71... Re1 (71... Rg1 $16) 72. Nf3 (72. Rf7+ $18 Ke8 73. Rh7) 72... Rf1 $16 73. Kb2 Rf2 74. Bb1 $1 Be8 75. Ka1 Re2 76. Rh6 Re3 77. Rh7+ (77. Nd4 $18) 77... Kf8 {[#]} 78. Rh8+ $1 Ke7 {[#]} 79. Rh7+ (79. Nd4 $1 $16 Rxe5 80. Kb2) 79... Kf8 $1 $14 {Hoping for ...Bg6.} 80. Rh8+ {Precision: White = 57%, Black = 53%.} 1/2-1/2

[Event "11th Asrian Memorial 2018"]
[Site "Jermuk"]
[Date "2018.06.27"]
[Round "7"]
[White "Gabuzyan, Hovhannes"]
[Black "Pashikian, Arman"]
[Result "1/2-1/2"]
[WhiteElo "2539"]
[BlackElo "2608"]
[Annotator "TA"]
[PlyCount "43"]
[EventDate "2018.06.21"]
[EventCountry "ARM"]
[SourceTitle "playchess.com"]
[Source "ChessBase"]
[SourceQuality "1"]

{[%evp 20,43,0,0,0,-20,-2,-10,-6,-25,-36,-37,-25,-27,-30,-20,-23,-22,-22,-22,-28,-40,-15,-16,0,0]} 1. Nf3 d5 2. c4 e6 3. g3 dxc4 4. Qa4+ Bd7 5. Qxc4 c5 6. Ne5 Nc6 {A13: Reti-Eröffnung} 7. Nxd7 Qxd7 8. Bg2 Nf6 9. Nc3 (9. O-O Be7 10. d3 O-O 11. Nd2 Rab8 12. Nb3 b6 13. Bf4 Rbc8 14. Rfd1 {0-1 (77) Morozevich,A (2760)-Anand,V (2786) Moscow 2013}) 9... Rc8 10. Qa4 Be7 11. d3 {LiveBook: 3 Partien} O-O 12. Bd2 $146 ({Vorgänger:} 12. Be3 Rfd8 13. O-O b6 14. Rfd1 {½-½ (24) Roeder,M (2398)-Sveshnikov,E (2504) Cesenatico 2011}) 12... Rfd8 {[%cal Bf8d8,Bd8d4,Bd4b4][%mdl 32]} 13. O-O c4 14. Rfd1 cxd3 15. Be3 Nd4 16. Qxd4 Qxd4 17. Bxd4 Rxd4 18. Bxb7 Rcd8 19. e3 Rb4 20. Ba6 $1 Rxb2 {[#] Droht ...Tc2 und aus.} 21. Rxd3 Rxd3 22. Bxd3 1/2-1/2

[Event "11th Asrian Memorial 2018"]
[Site "Jermuk"]
[Date "2018.06.27"]
[Round "7"]
[White "Erigaisi Arjun"]
[Black "Jumabayev, Rinat"]
[Result "1/2-1/2"]
[WhiteElo "2505"]
[BlackElo "2594"]
[Annotator "TA"]
[PlyCount "93"]
[EventDate "2018.06.21"]
[EventCountry "ARM"]
[SourceTitle "playchess.com"]
[Source "ChessBase"]
[SourceQuality "1"]

{[%evp 16,93,44,39,51,42,58,33,50,0,0,0,14,-1,20,14,19,24,43,39,33,53,49,0,0,0,0,0,24,24,21,5,22,15,35,0,27,21,31,33,29,18,19,-8,-9,-14,0,0,0,0,0,0,0,0,0,0,110,114,143,99,135,13,18,0,0,0,0,0,0,0,0,0,0,0,0,0,0,0,0,0]} 1. d4 Nf6 2. c4 b6 3. Nc3 Bb7 4. Qc2 d5 5. cxd5 Nxd5 6. e4 Nxc3 {A50: Damenindisch (ohne e7-e6)} 7. bxc3 g6 (7... e5 8. Nf3 Nd7 9. Bc4 Bd6 10. Ng5 O-O 11. O-O Be7 12. f4 Bxg5 13. fxg5 Qe7 14. Bd3 exd4 15. cxd4 {½-½ (38) Le,Q (2737)-Iturrizaga Bonelli,E (2650) chess.com INT 2018}) 8. Nf3 Bg7 9. Bc4 {LiveBook: 4 Partien} Qd7 $146 ({Vorgänger:} 9... O-O 10. O-O c5 11. d5 Qc7 12. Bg5 Ba6 13. Qe2 Bxc4 14. Qxc4 {0-1 (35) Li,Y (2455)-Sethuraman,S (2632) St Petersburg 2017}) 10. O-O Nc6 11. a4 O-O 12. Rd1 Na5 13. Bb5 c6 14. Be2 Qc7 15. Be3 c5 16. d5 Rad8 17. Rab1 Bc8 18. c4 Nb7 19. Nd2 f5 20. exf5 Bxf5 21. Bd3 Bxd3 22. Qxd3 e6 23. Ne4 exd5 24. cxd5 h6 25. Qa6 Rfe8 26. f3 Nd6 27. Bf4 Be5 28. Bxe5 Rxe5 29. Nxd6 Rxd6 30. a5 c4 ({Bitte nicht} 30... bxa5 31. Rb7 $14) 31. axb6 Qc5+ 32. Kh1 {[#] Droht stark b7!} axb6 33. Qa8+ Kg7 34. Qb7+ Kf6 35. Qh7 {Schwarz muss nun Dh8+ beachten.} Qe3 (35... Rdxd5 $11 {hält das Gleichgewicht.} 36. Qh8+ Kf7 37. Qh7+ Kf6) 36. f4 $16 Re8 37. Qxh6 {[#] Und Dh4+ würde nun gewinnen.} c3 38. Qh4+ ({Weiss braucht} 38. Ra1 $16 {Und weiter mit Dh4+ wäre nett.} c2 39. Qh4+ Kf7 40. Rdc1 Rxd5 41. Rxc2) 38... Kg7 $11 {Die Stellung ist ausgeglichen.} 39. Re1 c2 $1 40. Ra1 Qxe1+ $1 41. Rxe1 Rxd5 42. Rxe8 {jetzt Dh8+ und aus.} c1=Q+ 43. Re1 Rd1 $1 {[%cal Rd1e1]} 44. Qe7+ Kh6 45. Qg5+ Kh7 {[%cal Rd1e1]} 46. Qh4+ Kg7 47. Qe7+ {Precision: Weiß = 51%, Schwarz = 53%.} 1/2-1/2

[Event "11th Asrian Memorial 2018"]
[Site "Jermuk"]
[Date "2018.06.27"]
[Round "7"]
[White "Tutisani, Noe"]
[Black "Bernadskiy, Vitaliy"]
[Result "1-0"]
[WhiteElo "2469"]
[BlackElo "2586"]
[Annotator "TA"]
[PlyCount "90"]
[EventDate "2018.06.21"]
[EventCountry "ARM"]
[SourceTitle "playchess.com"]
[Source "ChessBase"]
[SourceQuality "1"]

{[%evp 10,90,33,16,45,18,52,53,60,36,52,25,42,49,71,16,35,-42,-33,-41,-35,-79,0,0,29,0,0,0,0,-28,-18,-30,39,37,42,45,25,22,31,16,58,37,14,0,0,0,0,0,0,0,0,0,0,0,0,-7,-7,-7,-7,-62,10,10,10,10,10,14,391,373,2159,1241,5612,5612,4614,3244,29984,29985,29985,29986,29987,29988,29990,29986,29992]} 1. e4 e6 2. d4 d5 3. Nc3 Bb4 4. e5 Qd7 5. Bd2 b6 6. h4 {[%cal Bh2h4,Bh4h5][%mdl 32] LiveBook: 5 Games. C16: French: 3 Nc3 Bb4 4 e5: Lines without ...c5} Ne7 $146 ({Predecessor:} 6... Ba6 7. Bxa6 Nxa6 8. Qg4 Bf8 9. h5 h6 10. Nce2 c5 11. dxc5 Nxc5 12. O-O-O Rc8 13. Be1 Qc7 {½-½ (70) Nabaty,T (2590)-Haznedaroglu,K (2445) Skopje 2015}) 7. h5 Ba6 8. Bxa6 {White is slightly better.} Nxa6 9. Qe2 Nb8 10. O-O-O (10. h6 $5 {[%cal Rh6g7]} gxh6 11. Nf3 $14 (11. Rxh6 Nf5 $11)) 10... Bxc3 11. Bxc3 c5 12. Nf3 (12. h6 $16 g6 13. Nf3) 12... h6 $11 13. dxc5 ({White should try} 13. g4 $14) 13... bxc5 $15 14. Rh4 Qc6 15. Rg4 Rg8 (15... O-O $17) 16. b3 $11 a5 17. a4 Qa6 18. Qb5+ Nd7 19. Be1 Nc6 20. Bd2 Qxb5 (20... Kf8 $11) 21. axb5 $14 Ncxe5 22. Nxe5 Nxe5 23. Ra4 Kd7 24. Bxa5 Ra7 25. Kb2 Rb8 26. Bc3 Rxa4 27. bxa4 $11 {[%mdl 4096] Endgame KRB-KRN} Nc4+ $1 28. Kb3 f6 29. Rd3 Kd6 30. Rg3 Rb7 31. Rg4 Ra7 32. f4 Ne3 33. Rg3 $132 {[%mdl 2048] White puts up resistance} c4+ 34. Ka3 ({Better is} 34. Kb2 $11 Nd1+ 35. Ka3 Nxc3 36. Rxc3) 34... Nxc2+ (34... d4 $1 $15 35. Bd2 Nxc2+ 36. Kb2 d3) 35. Kb2 {[#] And now b6 would win.} d4 {Strongly threatening ...d3.} 36. Kxc2 dxc3 {KR-KR} 37. b6 {[%cal Bb5b6,Bb6b7][%mdl 32]} Rxa4 $2 {[%mdl 8192]} (37... Rb7 $1 $11) 38. Rxg7 $18 {b7 is the strong threat.} Ra3 $2 (38... Rb4 39. b7 (39. Kxc3 Rxb6 40. Kxc4 Ra6 $11) 39... f5) 39. g4 {[%cal Bg2g4,Bg4g5][%mdl 32]} e5 40. b7 Rb3 {[#]} 41. g5 $1 exf4 42. gxh6 {White mates.} f3 43. h7 Rb2+ 44. Kxc3 Rb3+ 45. Kc2 Kd5 {Precision: White = 38%, Black = 45%.} 1-0

[Event "11th Asrian Memorial 2018"]
[Site "Jermuk"]
[Date "2018.06.28"]
[Round "8"]
[White "Jumabayev, Rinat"]
[Black "Sargsyan, Shant"]
[Result "1-0"]
[WhiteElo "2594"]
[BlackElo "2499"]
[Annotator "TA"]
[PlyCount "61"]
[EventDate "2018.06.21"]
[EventCountry "ARM"]
[SourceTitle "playchess.com"]
[Source "ChessBase"]
[SourceQuality "1"]

{[%evp 12,61,5,-13,6,0,17,10,25,35,25,22,37,12,10,10,45,0,0,-7,0,0,0,0,26,28,29,13,76,72,140,139,144,72,285,289,548,566,560,565,559,552,554,530,695,677,831,837,819,777,745,725]} 1. c4 e5 2. Nc3 Nf6 3. g3 d5 4. cxd5 Nxd5 5. Bg2 Nb6 6. d3 Be7 7. Nh3 {LiveBook: 4 Games} O-O {A22: English Opening: 1...e5 2 Nc3 Nf6} (7... Nc6 8. f4 h5 9. Be3 h4 10. Rc1 Bf5 11. Ng5 Qd7 12. Qb3 O-O 13. gxh4 Nd4 14. Qd1 Bc5 15. Qd2 exf4 16. Bxf4 {½-½ (49) Carlsen,M (2855)-Vachier Lagrave,M (2789) Leuven 2016}) 8. f4 Nc6 {[%cal Bb8c6,Bc6e5,Be5c4][%mdl 32]} 9. O-O exf4 {The position is equal.} 10. Nxf4 Re8 $146 ({Predecessor:} 10... Nd4 11. e3 Nf5 12. d4 c6 13. Qd3 g6 14. b3 Bf6 15. Ne4 {1-0 (35) Vokac,M (2453)-Valickova,M (1990) Pardubice 2015}) 11. Kh1 Bf8 12. e3 Ne5 13. d4 Nec4 14. e4 (14. Qf3 $14) 14... c5 $1 $11 15. d5 $36 {[%mdl 2048] White has some pressure.} Ne5 16. b3 Bg4 17. Qd2 Rc8 18. Bb2 a6 19. Rac1 Qg5 (19... c4 $11) 20. Nd1 $1 $16 Bh5 (20... Bxd1 $142 21. Qxd1 (21. Rcxd1 Nbd7 $16) 21... Nbd7) 21. Ne3 Bg6 22. Qf2 (22. h4 $142 $1 {[%cal Rh4g5]} Qxg3 23. h5) 22... h6 $2 (22... Nbd7 $16 {was necessary.}) 23. h4 $18 Qf6 $2 {[#]} (23... Qd8 {is a better defense.} 24. Nxg6 fxg6 25. Bxe5 Rxe5 26. Qf7+ Kh7) 24. Bxe5 $1 {White is clearly winning.} Qxe5 25. Nxg6 fxg6 {[#]} 26. Qf7+ $1 Kh8 27. Qxg6 Nd7 28. Nc4 Qe7 29. Rf7 Ne5 30. Nxe5 Qxe5 31. Bh3 {Precision: White = 66%, Black = 32%.} 1-0

[Event "11th Asrian Memorial 2018"]
[Site "Jermuk"]
[Date "2018.06.28"]
[Round "8"]
[White "Andriasian, Zaven"]
[Black "Sethuraman, SP."]
[Result "1/2-1/2"]
[WhiteElo "2586"]
[BlackElo "2657"]
[Annotator "TA"]
[PlyCount "255"]
[EventDate "2018.06.21"]
[EventCountry "ARM"]
[SourceTitle "playchess.com"]
[Source "ChessBase"]
[SourceQuality "1"]

{[%evp 21,255,0,7,0,0,0,-14,-18,0,-40,-28,-14,28,29,27,31,23,31,61,18,16,0,0,0,0,-12,0,19,22,0,0,0,37,39,35,36,34,29,27,24,21,32,10,-38,-38,-31,-31,-33,-43,-49,-52,-41,-56,-56,50,24,76,63,45,0,34,32,72,75,90,89,136,87,90,90,90,90,91,96,112,118,125,87,88,37,94,94,85,70,76,75,111,111,111,111,111,111,111,98,106,108,95,45,45,0,101,0,45,45,45,45,45,45,45,45,45,45,45,45,45,44,52,52,50,50,50,45,53,48,59,59,59,59,68,68,68,68,68,68,70,70,70,68,68,68,70,68,68,68,70,70,70,70,70,70,70,70,70,70,70,70,70,70,70,70,70,70,70,68,70,70,70,68,68,68,68,68,68,19,54,8,8,8,8,8,8,8,8,8,0,0,0,0,0,0,0,0,8,8,8,0,0,0,0,0,0,0,0,0,0,0,0,0,0,0,0,0,0,0,8,8,8,0,0,0,0,0,0,0,0,0,0,0,0,0,0,0,0,0,0,0]} 1. e4 e5 2. Nf3 Nc6 3. Bc4 Bc5 4. d3 Nf6 5. O-O O-O 6. Nbd2 {[%cal Bb1d2,Bd2f1,Bf1g3,Bg3f5][%mdl 32]} d6 7. c3 a5 {C54: Giuoco Piano: 4 c3 Nf6, main lines with 5 d4 and 5 d3} 8. h3 h6 9. Re1 Be6 10. Bb5 Qb8 11. Nf1 Qa7 {LiveBook: 13 Games} 12. Qe2 a4 $146 ({Predecessor:} 12... Ne7 13. Ba4 Ng6 14. Ng3 c6 15. Rd1 {1-0 (45) Andriasian,Z (2585)-Vidit,S (2715) Riadh 2017}) 13. Bxc6 bxc6 14. Ng3 Qb6 15. Nh4 d5 $1 16. Qf3 Rfd8 17. Nhf5 Bxf5 18. Nxf5 dxe4 19. dxe4 Kh7 20. Rf1 {[#] aiming for Nxh6!} Ng8 21. Rb1 Qb5 $1 22. Re1 Rd3 23. Be3 Rad8 24. c4 Qa5 25. Qg3 {[%csl Gf5][%cal Rg3g7] [#]} Bf8 26. c5 f6 27. Qg4 Qb4 28. Rec1 g6 29. Ng3 h5 {[%cal Bh6h5,Bh5h4][%mdl 32]} 30. Qe6 $1 h4 $1 {[%cal Rh4g3]} 31. Qf7+ Bg7 $1 32. a3 (32. Nf1 {is interesting.} Nh6 33. Qc4 Qxc4 34. Rxc4 Ra8 35. b3) 32... Qb3 33. Qxb3 axb3 34. Nf1 f5 $1 35. a4 f4 ({But not} 35... fxe4 $6 36. a5 $16) 36. Bd2 $1 Nf6 37. f3 Bf8 ({Better is} 37... Rxd2 $15 38. Nxd2 Rxd2) 38. Be1 Ra8 (38... Nd7 $11) 39. Ra1 $16 Nd7 40. Bxh4 Nxc5 41. a5 Ra6 42. Be1 Nb7 43. Kf2 Rd8 44. Ke2 Rda8 45. Ra4 Nc5 46. Rac4 Ne6 47. Bc3 Rb8 48. Nd2 Rb5 49. Ra1 Bd6 50. Nb1 (50. Rd1 $16) 50... Nd4+ (50... Kg7 $14) 51. Bxd4 exd4 52. Nd2 Rg5 53. Kf1 Rgxa5 54. Rxa5 Rxa5 55. Nxb3 {[%mdl 4096] Endgame KRB-KRN} Ra2 56. Nxd4 c5 57. Ne6 Rxb2 58. Nxc5 Rb1+ 59. Ke2 Rb2+ 60. Kf1 ({White should play} 60. Kd3 $14) 60... Rb1+ 61. Ke2 ({White must play} 61. Kf2 $16) 61... Rb2+ $14 62. Kd3 Rxg2 63. Nd7 Rf2 64. e5 Rxf3+ 65. Ke4 Rxh3 66. exd6 cxd6 {KRN-KR} 67. Nf6+ Kg7 68. Ng4 Rh5 {Threatens to win with ...d5+.} 69. Rc7+ Kf8 70. Kxf4 Rf5+ 71. Ke4 d5+ 72. Ke3 d4+ 73. Ke4 d3 74. Kxd3 Rf4 75. Ne5 Ke8 76. Ra7 {Ra8+ is the strong threat.} Kd8 77. Nxg6 Rg4 78. Ne5 Rh4 79. Ke3 Kc8 80. Rg7 Ra4 81. Rh7 Rb4 82. Nd3 Ra4 83. Nc5 Rc4 84. Ne6 Kb8 85. Kd3 Rb4 86. Nc5 Rg4 87. Ne4 Rf4 88. Kd4 Rf5 89. Nd6 Rg5 90. Nc4 Rb5 91. Ne5 {White wants to mate with Nc6+.} Kc8 92. Nd3 Kd8 93. Nc5 {Black must now prevent Nb7+.} Rb1 94. Ne4 Rd1+ 95. Ke5 Rd7 96. Rh1 Kc7 97. Rc1+ Kb6 98. Nf6 Rd2 {The position is equal.} 99. Nd5+ Kb5 100. Kd6 Rh2 101. Rc5+ Ka4 102. Rc4+ Kb3 103. Rc3+ Kb2 104. Rg3 Rc2 105. Ke5 Rd2 106. Ke4 Kc2 107. Ne3+ Kb1 108. Nc4 Rd8 109. Rg2 Kc1 110. Ke3 Kb1 111. Ne5 Re8 112. Kd4 Rc8 113. Kd3 Rc7 114. Nc4 Rh7 115. Re2 Rh3+ 116. Ne3 Rg3 117. Kc3 Rh3 118. Kb3 {[%cal Re2e1]} Kc1 119. Rc2+ Kb1 120. Rb2+ Kc1 121. Re2 Rf3 122. Rc2+ Kb1 123. Rc3 {Intending Rd3 and mate.} Rf8 124. Nd5 Rb8+ 125. Nb4 Rb7 126. Rc8 Rh7 127. Rd8 {[%cal Rd8d1]} Rh3+ 128. Nd3 {Precision: White = 74%, Black = 70%.} 1/2-1/2

[Event "11th Asrian Memorial 2018"]
[Site "Jermuk"]
[Date "2018.06.28"]
[Round "8"]
[White "Andriasian, Zaven"]
[Black "Sethuraman, S.P."]
[Result "1/2-1/2"]
[WhiteElo "2586"]
[BlackElo "2657"]
[Annotator "TA"]
[PlyCount "255"]
[EventDate "2018.06.21"]
[EventCountry "ARM"]
[SourceTitle "playchess.com"]
[Source "ChessBase"]
[SourceQuality "1"]

{[%evp 21,255,0,6,-3,0,0,-4,0,0,-39,-33,-23,42,36,39,34,34,54,66,15,16,0,0,0,0,0,0,0,31,0,0,0,44,44,33,40,44,32,35,35,37,12,14,-60,-54,-39,-37,-58,-51,-69,-9,-65,-70,-9,61,61,82,55,68,0,29,40,71,68,127,133,133,90,95,98,89,89,88,95,136,107,127,82,91,22,98,94,91,90,98,91,98,98,98,98,98,98,98,98,98,98,112,44,44,0,98,0,44,44,45,44,44,44,44,44,44,44,44,35,35,35,52,52,52,47,47,43,47,45,54,54,55,55,64,64,64,64,64,64,67,67,67,64,64,64,67,64,64,64,67,67,67,67,67,67,67,67,67,67,67,67,67,67,67,67,67,67,67,64,67,67,67,64,64,64,64,64,64,8,8,8,8,8,8,8,8,8,8,0,0,0,0,0,0,0,0,0,8,8,8,0,0,0,0,0,0,0,0,0,0,0,0,0,0,0,0,0,0,0,8,8,8,0,0,0,0,0,0,0,0,0,0,0,0,0,0,0,0,0,0,0]} 1. e4 e5 2. Nf3 Nc6 3. Bc4 Bc5 4. d3 Nf6 5. O-O O-O 6. Nbd2 {[%cal Bb1d2,Bd2f1,Bf1g3,Bg3f5][%mdl 32]} d6 7. c3 a5 {C54: Giuoco Piano: 4 c3 Nf6, main lines with 5 d4 and 5 d3} 8. h3 h6 9. Re1 Be6 10. Bb5 Qb8 11. Nf1 Qa7 {LiveBook: 13 Games} 12. Qe2 a4 $146 ({Predecessor:} 12... Ne7 13. Ba4 Ng6 14. Ng3 c6 15. Rd1 {1-0 (45) Andriasian,Z (2585)-Vidit,S (2715) Riadh 2017}) 13. Bxc6 bxc6 14. Ng3 Qb6 15. Nh4 d5 16. Qf3 Rfd8 (16... dxe4 $11 17. dxe4 Nh7) 17. Nhf5 $14 Bxf5 18. Nxf5 dxe4 19. dxe4 Kh7 20. Rf1 (20. g4 $14) 20... Ng8 21. Rb1 Qb5 22. Re1 Rd3 23. Be3 Rad8 24. c4 Qa5 25. Qg3 {[%csl Gf5][%cal Rg3g7]} Bf8 26. c5 f6 27. Qg4 Qb4 28. Rec1 g6 29. Ng3 h5 30. Qe6 $1 {[%cal Re6c6]} h4 31. Qf7+ Bg7 $1 32. a3 (32. Nf1 $11) 32... Qb3 $15 33. Qxb3 axb3 34. Nf1 $1 f5 $1 35. a4 f4 ({Not} 35... fxe4 36. a5 $16) 36. Bd2 $1 Nf6 37. f3 $1 Bf8 (37... Rxd2 $11 38. Nxd2 Rxd2) 38. Be1 $14 Ra8 39. Ra1 Nd7 40. Bxh4 (40. Nd2 $14) 40... Nxc5 41. a5 Ra6 42. Be1 Nb7 {[#]} ({Black should try} 42... Ne6 $14) 43. Kf2 $1 $16 Rd8 44. Ke2 Rda8 45. Ra4 Nc5 46. Rac4 Ne6 47. Bc3 Rb8 48. Nd2 Rb5 49. Ra1 Bd6 50. Nb1 ({Better is} 50. Rca4 $16) 50... Nd4+ (50... Kg7 $11) 51. Bxd4 exd4 52. Nd2 Rg5 {[#]} 53. Kf1 $1 ({Much worse is} 53. Rxd4 Rxg2+ 54. Kd3 Be5 $14) 53... Rgxa5 54. Rxa5 Rxa5 55. Nxb3 {[%mdl 4096] Endgame KRB-KRN} Ra2 56. Nxd4 c5 57. Ne6 Rxb2 58. Nxc5 Rb1+ 59. Ke2 (59. Kf2 $16) 59... Rb2+ $14 60. Kf1 (60. Kd3 $14) 60... Rb1+ $16 61. Ke2 (61. Kf2 $16) 61... Rb2+ $14 62. Kd3 {Strongly threatening Nd7.} Rxg2 63. Nd7 {Black must now prevent e5.} Rf2 64. e5 Rxf3+ 65. Ke4 Rxh3 66. exd6 cxd6 {KRN-KR} 67. Nf6+ Kg7 68. Ng4 Rh5 69. Rc7+ ({Don't do} 69. Kxf4 Kf7 $16) 69... Kf8 70. Kxf4 Rf5+ 71. Ke4 d5+ 72. Ke3 d4+ 73. Ke4 d3 74. Kxd3 Rf4 75. Ne5 Ke8 76. Ra7 {And now Ra8+ would win.} Kd8 77. Nxg6 Rg4 78. Ne5 Rh4 79. Ke3 Kc8 80. Rg7 Ra4 81. Rh7 Rb4 82. Nd3 Ra4 83. Nc5 Rc4 84. Ne6 Kb8 85. Kd3 Rb4 86. Nc5 {White threatens Na6+ and mate.} Rg4 87. Ne4 Rf4 88. Kd4 Rf5 89. Nd6 Rg5 90. Nc4 Rb5 91. Ne5 {aiming for Nc6+.} Kc8 92. Nd3 Kd8 93. Nc5 {Nb7+ is the strong threat.} Rb1 94. Ne4 Rd1+ 95. Ke5 Rd7 96. Rh1 Kc7 97. Rc1+ ({White should play} 97. Nc5 $14 Rd2 98. Rh6) 97... Kb6 $1 $11 {The position is equal.} 98. Nf6 Rd2 99. Nd5+ Kb5 100. Kd6 Rh2 101. Rc5+ Ka4 102. Rc4+ Kb3 103. Rc3+ Kb2 104. Rg3 Rc2 105. Ke5 (105. Nc3 $5) 105... Rd2 106. Ke4 Kc2 107. Ne3+ Kb1 108. Nc4 Rd8 109. Rg2 Kc1 110. Ke3 Kb1 111. Ne5 Re8 112. Kd4 Rc8 113. Kd3 Rc7 114. Nc4 Rh7 115. Re2 Rh3+ 116. Ne3 Rg3 117. Kc3 Rh3 118. Kb3 $1 {[%cal Re2e1]} Kc1 119. Rc2+ Kb1 120. Rb2+ Kc1 121. Re2 Rf3 122. Rc2+ Kb1 123. Rc3 {Threatening mate with Rd3.} Rf8 124. Nd5 Rb8+ 125. Nb4 Rb7 126. Rc8 Rh7 127. Rd8 {[%cal Rd8d1]} Rh3+ 128. Nd3 {Precision: White = 67%, Black = 77%.} 1/2-1/2